000 00469nam a2200181Ia 4500
008 131103s9999 xx 000 0 und d
020 _cRs.3
040 _aLoreto College
041 _aEnglish
082 _aRef/I
_bLCBED/13307
100 _aDesai, Ziyaud-Din
245 _aIndo-Islamic architecture
_cZiyaud-Din Desai
260 _aIndia
_bGovernment of India
_c1970
300 _a61p.
_b pic.
_c 23cm.
650 _aHistory
850 _aLCBED/Ref/I
942 _cBK
999 _c31126
_d81605